000 00337nam a2200133Ia 4500
008 100328s9999 xx 000 0 und d
082 _b16580
100 _aYoganada Paramhansa
245 _aAutobiography of a yogi
260 _bRider & Co.
630 _aAutobiography of a yogi
730 _aAutobiography of a yogi
942 _cBOOK
999 _c511221
_d511218